| 000 | 00842nam a2200253 a 4500 | ||
|---|---|---|---|
| 001 | BRL_1659 | ||
| 005 | 20190320211318.0 | ||
| 008 | 220414s1954----enk#######---#000-0#eng-# | ||
| 041 | _aeng | ||
| 044 | _aenk | ||
| 050 | 4 |
_aF1213 _b.C35 1954 |
|
| 100 | 1 |
_aCalderón de la Barca, Frances Erskine Inglis _d1804-1882 _99129 |
|
| 245 | 1 | 0 |
_aLife in Mexico _cFrances Calderón de la Barca ; introduction by Manuel Romero de Terreros. |
| 260 |
_aLondon _bJ. M. Dent & Sons _c1954 |
||
| 300 |
_axxviii, 542 p. _c19 cm. |
||
| 500 | _aAu1866 | ||
| 504 | _aBibliografía: p. xi | ||
| 650 | 1 | 4 |
_aViajeros ingleses _97018 |
| 651 | 4 |
_aMéxico _xDescripción y viajes _9103 |
|
| 651 | 4 |
_aMéxico _xVida social y costumbres _9769 |
|
| 700 | 1 |
_aRomero de Terreros, Manuel _cMarqués de San Francisco _d1880-1968 _927560 |
|
| 902 | _aGRL | ||
| 942 |
_2lcc _cB |
||
| 999 |
_c10468 _d10468 |
||